Metropolitan areas in Germany - Statistics

General Stats
  • This quiz has been taken 172 times
  • The average score is 8 of 11
Answers on the Map
Answers color-coded by a green-red scale on the quiz's map according to % correct below.
 
Answer Stats
Population in million Metropolitan area % Correct
6,00 (2015) Berlin/Brandenburg
99%
5,00 (2013) Hamburg
97%
2,72 (2010) Bremen/Oldenburg
94%
5,71 (2013) Munich
94%
5,20 (2013) Stuttgart
91%
3,56 (2016) Nuremberg
87%
3,78 (2013) Hannover-Braunschweig- Göttingen-Wolfsburg
86%
10,68 (2016) Rhine-Ruhr
53%
2,31 (2012) Rhine-Neckar
32%
5,70 (2018) Rhine-Main
28%
2,40 (2013) Central Germany
13%
No matching quizzes found
Score Distribution
Percent of People with Each Score
Percentile by Number Answered
Your Score History
You have not taken this quiz